Noise mapping England (Record no. 120465)

MARC details
000 -LEADER
fixed length control field 01211cam a2200181 4500
001 - CONTROL NUMBER
control field L130694
008 - FIXED-LENGTH DATA ELEMENTS--GENERAL INFORMATION
fixed length control field 050824n 000 0 eng u
035 ## - SYSTEM CONTROL NUMBER
System control number (Sirsi) u130694
041 ## - LANGUAGE CODE
Language code of text/sound track or separate title eng
110 ## - MAIN ENTRY--CORPORATE NAME
Corporate name or jurisdiction name as entry element Department for Environment, Food and Rural Affairs
9 (RLIN) 4094
245 ## - TITLE STATEMENT
Title Noise mapping England
520 ## - SUMMARY, ETC.
Summary, etc. This DEFRA website presents progress on the National Ambient Noise Strategy (NANS) due to be developed by 2007. NANS was originally proposed in the Rural White Paper 2000. The Noise Mapping Project England project is part of the first stage of NANS and aims to gather information on the ambient noise climate in England. Its objectives are to calculate noise levels and produce noise maps across England, to use the information to help develop NANS and to gain knowledge to assist in the implementation of the European Noise directive. The website also links to the London Road Traffic Noise map
590 ## - LOCAL NOTE (RLIN)
Local note IKA300805
650 ## - SUBJECT ADDED ENTRY--TOPICAL TERM
Topical term or geographic name entry element DIRECTIVE 2003/10/EC
690 ## - LOCAL SUBJECT ADDED ENTRY--TOPICAL TERM (OCLC, RLIN)
Topical term or geographic name as entry element ENVIRONMENTAL AND LAND CONSULTANCY-ENVIRONMENTAL MANAGEMENT-ENVIRONMENTAL ASSESSMENT-ENVIRONMENTAL AUDITING
856 40 - ELECTRONIC LOCATION AND ACCESS
Uniform Resource Identifier <a href="https://www.noisemapping.org">https://www.noisemapping.org</a>
Public note View the website free of charge at www.noisemapping.org...
942 ## - ADDED ENTRY ELEMENTS (KOHA)
Suppress in OPAC 0
Holdings
Withdrawn status Lost status Source of classification or shelving scheme Damaged status Not for loan Home library Current library Shelving location Date acquired Total Checkouts Full call number Barcode Date last seen Copy number Price effective from Koha item type
    Dewey Decimal Classification     Virtual Virtual Online 24/08/2005   WEBSITE 130694-2001 06/08/2019 1 06/08/2019 Online material